00213nam a2200085Ia 4500008004100000100001600041245004000057260002200097300000800119190216s9999||||xx |||||||||||||| ||und|| aDas Gupta P 0aAnnual Accounts Under Vertical Form bKalyani Pubc1980 a35p